Online
Catalog

Lenguaje : (Record no. 48627)

MARC details
000 -CABECERA
campo de control de longitud fija 00917nam a2200253 a 4500
001 - NÚMERO DE CONTROL
campo de control 000049139
003 - IDENTIFICADOR DEL NÚMERO DE CONTROL
campo de control DO-SdBNP
005 - FECHA Y HORA DE LA ÚLTIMA TRANSACCIÓN
campo de control 20230915122947.0
007 - CAMPO FIJO DE DESCRIPCIÓN FÍSICA--INFORMACIÓN GENERAL
campo de control de longitud fija ta
008 - DATOS DE LONGITUD FIJA--INFORMACIÓN GENERAL
campo de control de longitud fija 190723s1977 dr a r 000 0 spa d
040 ## - FUENTE DE LA CATALOGACIÓN
Centro catalogador/agencia de origen DO-SdBNP
Lengua de catalogación spa
Centro/agencia transcriptor BNPHU
Normas de descripción rda
082 #4 - NÚMERO DE LA CLASIFICACIÓN DECIMAL DEWEY
Número de clasificación 460.07
Número de documento/Ítem L566m
Número de edición 22
245 00 - MENCIÓN DE TÍTULO
Título Lenguaje :
Resto del título método de lectura y escritura. Cuaderno de trabajo 1er. curso.
264 #1 - PRODUCCIÓN, PUBLICACIÓN, DISTRIBUCIÓN, FABRICACIÓN Y COPYRIGHT
Producción, publicación, distribución, fabricación y copyright Santo Domingo :
Nombre del de productor, editor, distribuidor, fabricante Dominicana y del Caribe (EDYCA),
Fecha de producción, publicación, distribución, fabricación o copyright 1977.
300 ## - DESCRIPCIÓN FÍSICA
Extensión 95 páginas
Otras características físicas ilustraciones
Dimensiones 25 cm.
336 ## - TIPO DE CONTENIDO
Fuente rdacontent
Término de tipo de contenido texto
Código de tipo de contenido txt
337 ## - TIPO DE MEDIO
Fuente rdamedia
Nombre/término del tipo de medio sin mediación
Código del tipo de medio n
338 ## - TIPO DE SOPORTE
Fuente rdacarrier
Nombre/término del tipo de soporte volumen
Código del tipo de soporte nc
500 ## - NOTA GENERAL
Nota general La biblioteca posee el libro del alumno y el cuaderno de trabajo.
505 0# - NOTA DE CONTENIDO CON FORMATO
Nota de contenido con formato Lenguaje:
Título Método de lecturra y escritura. Libro del alumno.
-- Método de lecturra y escritura. Cuadenor de trabajo.
590 ## - NOTA LOCAL (RLIN)
Nota local Inventariado, 2019/BT
910 ## - DATOS DE OPCIÓN DEL USUARIO (OCLC)
Datos de opción del usuario Btavárez
942 ## - ELEMENTOS DE PUNTO DE ACCESO ADICIONAL (KOHA)
Fuente del sistema de clasificación o colocación Dewey Decimal Classification
Tipo de ítem Koha Libro
Holdings
Estado de retiro Estado de pérdida Fuente del sistema de clasificación o colocación Especificación de materiales (volumen encuadernado u otra parte) Restricciones de uso No para préstamo Código de colección Localización permanente Ubicación/localización actual Ubicación en estantería Fecha de adquisición Fuente de adquisición Total de préstamos Signatura topográfica completa Código de barras Fecha visto por última vez Precio válido a partir de Tipo de ítem Koha Número de copia
    Dewey Decimal Classification Cuaderno de trabajo Préstamo restringido   Patrimonio Dominicano Biblioteca Nacional Pedro Henríquez Ureña Biblioteca Nacional Pedro Henríquez Ureña Depósito 23.07.2016 Donado / Bárbara Suncar   460.07 L566m 49140-10 25.06.2020 25.06.2020 Libro  
    Dewey Decimal Classification Cuaderno de trabajo Préstamo restringido   Patrimonio Dominicano Biblioteca Nacional Pedro Henríquez Ureña Biblioteca Nacional Pedro Henríquez Ureña Depósito 07.05.2021     460.07 L566m 2021-1677 07.05.2021 07.05.2021 Libro e.2
    Dewey Decimal Classification Cuaderno de trabajo Préstamo en sala   Dominicana de Servicio Biblioteca Nacional Pedro Henríquez Ureña Biblioteca Nacional Pedro Henríquez Ureña Depósito 21.07.2015 Donación / Bárbara Suncar   460.07 L566m 2021-1678 07.05.2021 07.05.2021 Libro e.3
    Dewey Decimal Classification libro del alumno Préstamo en sala   Dominicana de Servicio Biblioteca Nacional Pedro Henríquez Ureña Biblioteca Nacional Pedro Henríquez Ureña Extraviado 07.05.2014 Donado / Manuel Ortíz   460.07 L566m 2021-1679 07.05.2021 07.05.2021 Libro e.4
    Dewey Decimal Classification Cuaderno de trabajo Préstamo en sala   Dominicana de Servicio Biblioteca Nacional Pedro Henríquez Ureña Biblioteca Nacional Pedro Henríquez Ureña Depósito 01.12.2014 Bárbara Suncar   BNPHU DS 460.07 L566m 2023-5948 15.09.2023 07.05.2021 Libro e. 4

Powered by Koha